LE SSERAFIM members - Statistics

General Stats
  • This quiz has been taken 481 times
  • The average score is 6 of 6
Answer Stats
Members % Correct
Sakura Miyawaki
99%
Kim Chae-won
98%
Kazuha Nakamura
97%
Hong Eun-chae
96%
Huh Yun-jin
96%
Kim Ga-ram
90%
No matching quizzes found
Score Distribution
Percent of People with Each Score
Percentile by Number Answered
Your Score History
You have not taken this quiz